Gajapati: (Record no. 192828)

MARC details
000 -LEADER
fixed length control field 00556nam a22001817a 4500
005 - DATE AND TIME OF LATEST TRANSACTION
control field 20231110123018.0
010 ## - LCCN (DPL NO)
LC control number ENG-135310
020 ## - INTERNATIONAL STANDARD BOOK NUMBER
International Standard Book Number 9788194928621
Terms of availability 895.00
035 ## - SYSTEM CONTROL NUMBER
System control number EN-118842
037 ## - SOURCE OF ACQUISITION
Source of stock number/acquisition DBAD/PUB
082 ## - DEWEY DECIMAL CLASSIFICATION NUMBER
Classification number 954.13
100 ## - MAIN ENTRY--PERSONAL NAME
Personal name Bal, Ashok kumar
245 ## - TITLE STATEMENT
Title Gajapati:
Remainder of title A King Without a Kingdom/
Statement of responsibility, etc By Ashok Kumar Bal
260 ## - PUBLICATION, DISTRIBUTION, ETC. (IMPRINT)
Name of publisher, distributor, etc Konark Publishers
Date of publication, distribution, etc 2022
Place of publication, distribution, etc New Delhi
270 ## - ADDRESS
Address 206,First Floor Shahpur Jat,
City New Delhi
Postal code 110049
300 ## - PHYSICAL DESCRIPTION
Extent xxiv,440p.:
Dimensions 22cm(Hb)
Other physical details Index
942 ## - ADDED ENTRY ELEMENTS (KOHA)
Source of classification or shelving scheme Dewey Decimal Classification
Item type English Books
Classification part 954.13
Call number suffix BAL
Holdings
Withdrawn status Lost status Not for loan Collection code Home library Current library Date acquired Source of acquisition Cost, normal purchase price Full call number Barcode Copy number Cost, replacement price Koha item type
      Non-fiction Bawana Bawana 06/10/2022 DBAD/PUB 895.00 954.13 BAL EN-118842 1 895.00 English Books

© Delhi Public Library
Hit Counter
free hit counter